| 000 | 01751nam a22002657a 4500 | ||
|---|---|---|---|
| 999 |
_c370064 _d370064 |
||
| 001 | 83757 | ||
| 003 | UA-OsUOA | ||
| 005 | 20230504161326.0 | ||
| 007 | ta | ||
| 008 | 20120427b un ||||| |||| 00| 0 ukr d | ||
| 020 | _a5-93286-060-Х | ||
| 040 |
_aUA-OsUOA _brus _cUA-OsUOA _dUA-OsUOA |
||
| 041 | _arus | ||
| 080 | _a004.434 | ||
| 090 |
_a004.434 _bФ28 |
||
| 100 | _aФаулер М. | ||
| 245 | _aUML. Основы: краткое руководство по стандартному языку объектного моделирования | ||
| 260 |
_aСПб _bСимвол-Плюс _c2011 |
||
| 300 | _a192 с. | ||
| 520 | _aГлавное достоинство книги заключается в кратком и сжатом изложении сути UML и особенностей применения этого языка в современном процессе разработки ПО. В книге описаны все главные типы диаграмм UML, рассказано, для чего они предназначены и какие нотации применяются при их создании и чтении. Это диаграммы классов, последовательности, объектов, пакетов, развертывания, прецедентов, состояний, деятельности, составных структур, компонентов, обзора взаимодействия, коммуникационные и временные. | ||
| 650 | 7 |
_a00 Загальні питання науки і культури _2UDC |
|
| 942 |
_cBK _2udc |
||
| 955 | _a2 | ||